Manejo forestal sostenible enplantaciones en la cuenca del rio Bita, Vichada, Colombia. (Registro nro. 17580)

Detalles MARC
000 -CABECERA
Campo de control 01075nam a22002777a 4500
005 - FECHA Y HORA DE LA ULTIMA TRANSACCION
Campo de control 20160714020003.0
008 - ELEMENTOS DE LONGITUD FIJA—INFORMACION GENERAL
Campo de control 150710b2014 ck ||||| |||| 00| 0 spa d
020 ## - ISBN
ISBN 9789588753133
040 ## - FUENTE DE CATALOGACIÓN
Agencia catalogadora original CO-BoIAVH
Agencia transcriptora CO-BoIAVH
041 ## - IDIOMA
Código de idioma para texto/pista de sonido o título separado Español
044 ## - PAÍS DE PUBLICACIÓN
País de publicación Colombia
082 04 - NUMERO DE CLASIFICACION DECIMAL DEWEY
Número de clasificación 306.340986
Número del ítem P11m
245 00 - MENCION DE TITULO
Título Manejo forestal sostenible enplantaciones en la cuenca del rio Bita, Vichada, Colombia.
Parte restante del título editado por Miguel Pacheco ...[et añl].
260 ## - PUBLICACION, DISTRIBUCION, ETC. (PIE DE IMPRENTA)
Lugar de publicación, distribución, etc. Bogotá:
Nombre del editor, distribuidor, etc. The Nature Conservancy,
-- WWF,
-- Fundación Natura,
Fecha de publicación, distribución, etc. 2014.
300 ## - DESCRIPCION FISICA
Extensión 214 p.
490 ## - MENCION DE SERIE
Mención de serie Consevación de la biodiversidad en predios productivos
Designación numérica/secuencial del volumen 4
650 #4 - ASIENTO SECUNDARIO DE MATERIA - TERMINO TEMATICO
Término temático o nombre geográfico como elemento de entrada Agricultura sostenible
Subdivisión geográfica Vichada (Colombia)
9 (RLIN) 35721
650 #4 - ASIENTO SECUNDARIO DE MATERIA - TERMINO TEMATICO
Término temático o nombre geográfico como elemento de entrada Plantaciones forestales
Subdivisión geográfica Vichada (Colombia)
9 (RLIN) 35722
651 ## - ASIENTO SECUNDARIO DE MATERIA - NOMBRE GEOGRAFICO
Nombre geográfico Colombia
9 (RLIN) 35723
662 ## - ASIENTO SECUNDARIO DE MATERIA - JERARQUIA DEL NOMBRE DE LUGAR(
País o entidad mayor Colombia
Jurisdicción política de primer orden Departamento del Vichada
Jurisdicción política intermedia Río Bita
700 1# - ASIENTO SECUNDARIO - NOMBRE PERSONAL
Nombre personal Pacheco, Mauricio
Término de relación editor
9 (RLIN) 35724
700 1# - ASIENTO SECUNDARIO - NOMBRE PERSONAL
Nombre personal Peñuela-Recio, Lourdes
Término de relación editora
9 (RLIN) 832
700 1# - ASIENTO SECUNDARIO - NOMBRE PERSONAL
Nombre personal Solano, Clara
Término de relación editora
9 (RLIN) 35705
700 1# - ASIENTO SECUNDARIO - NOMBRE PERSONAL
Nombre personal Galán Flórez, Sandra Patricia
Término de relación editora
9 (RLIN) 35725
942 ## - ELEMENTOS ADICIONALES (KOHA)
Sistema de clasificación Dewey Decimal Classification
Tipo de ítem Libro
Koha issues (borrowed), all copies 1
Existencias
Withdrawn status Lost status Sistema de Clasificación Damaged status No para préstamo Colección Inventariado Ubicación Permanente Ubicación actual Fecha de adquisición Fuente de Valor Valor Total Checkouts Número topográfico Inventario / Código de Barras Date last seen Date checked out Ejemplar Price effective from Forma de adquisición Tipo de material
    Dewey Decimal Classification     General Inventariado 2017 Bogotá Bogotá 10/07/2015 Instituto 39000.00 1 LB-306.340986 P11m 042104 13/07/2016 13/07/2016 Ej. 1 10/07/2015   Libro